[Event "HUN-GER m"]
[Site "Budapest"]
[Date "2004.09.18"]
[Round "3"]
[White "Dautov, Rustem"]
[Black "Gyimesi, Zoltan"]
[Result "1-0"]
[WhiteElo "2624"]
[BlackElo "2618"]
[Annotator "Dautov,R"]
[PlyCount "73"]
[EventDate "2004.09.16"]
[EventType "team"]
[EventRounds "6"]
[EventCountry "HUN"]
[SourceTitle "CBM 104"]
[Source "ChessBase"]
[SourceDate "2005.01.27"]
[SourceVersion "1"]
[SourceVersionDate "2005.01.27"]
[SourceQuality "1"]
[WhiteTeam "Germany"]
[BlackTeam "Hungary"]
[WhiteTeamCountry "GER"]
[BlackTeamCountry "HUN"]

1. d4 Nf6 2. c4 e6 3. Nf3 d5 4. g3 Bb4+ 5. Bd2 Be7 6. Bg2 O-O 7. O-O c6 8. Qc2
b6 9. Bf4 Nbd7 10. Rd1 Bb7 11. Nc3 Rc8 ({Recht häufig gespielt wird} 11... dxc4
12. Nd2 Nd5 13. Nxc4 Nxf4 14. gxf4 Qc7 15. e3 Rac8 16. Rac1 Rfd8 $1 (16... Nf6
17. a3 Nd5 $6 18. Ne5 $14 {Lautier,J-Tiviakov,S/Mondaritz zt 2000}) 17. a3 Qb8
$13) (11... Nh5 {führt zu einem Stellungstyp, der aus dem Stonewall-System im
Holländisch gut bekannt ist.} 12. Bc1 f5 13. b3 Rc8 14. Bb2 $14) 12. b3 c5 $1 {
Dieser sehr logisch aussehende Zug scheint der beste Weg zum Ausgleich zu sein.
Bisher wude er jedoch selten getestet.} ({Die Stellung nach} 12... Ba6 $6 {
kennt man aus Damenindisch, dort ist jedoch Schwarz am Zug. Das Spiel mit
einem Minustempo ist riskant für Schwarz, Weiß entwickelt ein starkes
Druckspiel mit} 13. e4 $1 dxc4 14. Nd2 $1 {. z.B.,} c5 15. d5 e5 16. Be3 Ng4
17. bxc4 Nxe3 18. fxe3 Bg5 19. Qd3 h5 20. Nf3 Bh6 21. Bh3 Re8 22. a4 $14 {
Hracek,Z-Tiviakov,S/Netherlands 2000}) ({Erneut möglich ist} 12... Nh5 13. Bc1
f5) 13. cxd5 $146 {Der Zug ist neu. Ich habe ihn vor einiger Zeit analysiert
und kam dabei zu dem Schluß, daß er Weiß gute Chancen auf Eröffnungsvorteil
bietet.} (13. Nb5 cxd4 $1 14. Nxa7 $2 (14. Rxd4 a6 15. Nd6 Bxd6 16. Bxd6 Re8
$11) 14... Rc5 $1 15. Nb5 dxc4 16. bxc4 e5 $17 {Lingnau,C-Kacheishvili,G/
Senden 2001}) (13. dxc5 Bxc5 $11) 13... Nxd5 $6 {Nicht der beste Weg,
vorzuziehen war die scharfe Fortsetzung 13...cxd4!.} (13... cxd4 $1 14. Nxd4 (
14. d6 Bxf3 15. Bxf3 Rxc3 16. dxe7 Qxe7 17. Bd6 $1 Rxc2 18. Bxe7 Re8 19. Bxf6
Nxf6 20. Rxd4 e5 $11) 14... Nxd5 (14... Bxd5 $2 15. e4 Bb4 16. Ndb5 a6 17. Bd6
$16) 15. Bxd5 Bxd5 16. Qd3 (16. e4 Ba8 $11) (16. Qb2 Ba8 $11) 16... Nf6 $1 {
Dank diesem genauen Zug kann Schwarz die Balance halten.} (16... Ba8 17. Ndb5
$14) (16... Nc5 17. Qe3 Bf6 18. Rac1 Qd7 19. Ndb5 $14) 17. Ndb5 a6 18. Na7 Ra8
(18... Rc5 $5) 19. Nxd5 Qxd5 20. Qxd5 Nxd5 21. Nc6 Ba3 $11) 14. Nxd5 Bxd5 ({
Oder} 14... exd5 15. Bh3 $1 {/\Ne5} cxd4 16. Qd2 Bf6 17. Nxd4 $14) 15. e4 $1
cxd4 16. Qe2 Bb7 17. Nxd4 $14 {Der Druck auf der d-Linie gibt Weiß einen
klaren Vorteil.} e5 $2 {[%mdl 8192] Offenbar hat sich Gyimesi irgendwo
verrechnet, anders kann man diesen Zug nicht erklären. Stattdessen sollte er
sich mit 17...Qe8 verteidigen.} (17... a6 18. Bh3 $1 Kh8 19. Nf5 $1 exf5 20.
Bxf5 Bc6 21. Qg4 $16) (17... Qe8 18. Nb5 Ba6 19. a4 Nc5 20. Qf3 $14) 18. Nf5
$16 exf4 (18... Bf6 19. Qg4 Rc7 20. Bh6 $18) 19. Qg4 {Etwas genauer war der
Damengewinn mittels 19.Rxd7!, auf diese Weise könnte ich meinen Turm auf dem
Brett behalten.} (19. Rxd7 $1 Qxd7 20. Qg4 Qxf5 21. Qxf5 fxg3 22. hxg3 $16)
19... Bf6 20. Rxd7 Bxa1 (20... Qxd7 21. Nh6+ Kh8 22. Qxd7 Bxa1 23. Nxf7+ Kg8
24. Nd6 Rc1+ 25. Bf1 Bc8 26. Nxc8 Rcxc8 27. gxf4 $18) 21. Rxd8 Rcxd8 $2 {
Es war nicht Zoltans Tag, er übersieht das folgende geometrische Motiv.} ({Mit
} 21... Rfxd8 22. Ne7+ Kf8 $1 (22... Kh8 23. Nxc8 Bxc8 24. Qxf4 $18) 23. Nxc8
Bxc8 24. Qe2 (24. Qxf4 $2 Rd1+ 25. Bf1 Bh3 26. Qb8+ Ke7 27. Qxa7+ Kf8 $11)
24... fxg3 25. hxg3 $16 {konnte Schwarz noch zähen Widerstand leisten.}) 22. e5
$18 {, und wegen der Mattdrohung verliert Schwarz seinen Bb7. Der Rest ist
einfach.} Bxe5 23. Bxb7 fxg3 24. hxg3 Bf6 25. Nh6+ Kh8 26. Qf4 Rd4 27. Qf5 Rd6
28. Kg2 $1 b5 (28... gxh6 29. Be4 $18) (28... g6 29. Qf4 Re6 30. Bd5 $18) 29.
Be4 g6 30. Qxb5 Bg7 31. Qc5 Rb6 32. Qc1 f5 33. Bd5 Rbf6 34. Qg5 f4 35. g4 f3+
36. Kh3 a5 37. a3 1-0

[Event "SUI-chT"]
[Site "Switzerland"]
[Date "2005.06.12"]
[Round "5.1"]
[White "Dautov, Rustem"]
[Black "Pelletier, Yannick"]
[Result "1-0"]
[WhiteElo "2614"]
[BlackElo "2621"]
[Annotator "Dautov,R"]
[PlyCount "121"]
[EventDate "2005.02.27"]
[EventType "team-tourn"]
[EventRounds "9"]
[EventCountry "SUI"]
[SourceTitle "CBM 107"]
[Source "ChessBase"]
[SourceDate "2005.08.01"]
[SourceVersion "1"]
[SourceVersionDate "2005.08.01"]
[SourceQuality "1"]
[WhiteTeam "Luzern"]
[BlackTeam "Biel"]
[WhiteTeamCountry "SUI"]
[BlackTeamCountry "SUI"]

1. d4 Nf6 2. c4 e6 3. Nf3 b6 4. g3 Ba6 5. b3 Bb4+ 6. Bd2 Be7 7. Bg2 c6 8. O-O
d5 9. Ne5 Nfd7 10. Nxd7 Nxd7 11. Bc3 O-O 12. Nd2 Rb8 13. a4 $6 {Nicht der
beste Zug, mehr Chancen auf Eröffnungsvorteil bietet Weiß 13.Re1 bzw. 13.e4.} (
13. Re1 b5 14. c5 (14. Qc2 dxc4 15. bxc4 bxc4 16. e4 Re8 17. Rad1 Qc8 18. Bf1
Nb6 19. a4 c5 $11 {Onischuk,A-Anand,V/Mallorca 2004}) 14... e5 15. dxe5 Nxc5
16. a3 Ne6 17. b4 d4 18. Bb2 c5 19. bxc5 Bxc5 20. Ne4 Be7 21. e3 dxe3 22. Rxe3
Qxd1+ 23. Rxd1 Bb7 24. Rd7 Bxe4 25. Rxe7 Bxg2 26. Kxg2 a5 27. Ra7 Ra8 $11 {
Karpov,A-Kamsky,G/Elista (m/3) 1996}) (13. e4 b5 14. Re1 bxc4 15. bxc4 dxc4 16.
Qa4 Bb5 17. Qc2) 13... Nf6 14. e4 dxe4 {Am einfachsten gleicht Schwarz mit 14..
c5 aus, aber auch gegen den Textzug ist nichts einzuwenden.} (14... c5 $1 15.
exd5 (15. e5 Nd7 16. Re1 cxd4 17. Bxd4 dxc4 18. Nxc4 Bxc4 19. bxc4 Nc5 $11 20.
Bxc5 $6 Bxc5 $15 {Van der Sterren,P-Polgar,J/Istanbul 2000}) 15... exd5 16. Re1
Re8 17. Rc1 Rc8 18. Bb2 cxd4 19. Bxd4 Ba3 20. Rxe8+ Nxe8 21. Ra1 dxc4 22. Nxc4
Bxc4 23. Rxa3 Qd6 24. Qa1 Bd5 $11 {Wu Shaobin-Onischuk,A/Mallorca 2004}) 15.
Nxe4 {Weiß darf nicht zu anspruchsvoll sein, auf 15.b4? folgt 15...Nd5!} (15.
b4 $2 Nd5 $1 (15... Bb7 $6 16. Re1 c5 17. dxc5 bxc5 18. b5 $14) 16. cxd5 Bxf1
17. Nxf1 cxd5 $15) 15... c5 16. Ra2 Bb7 $6 {Mit dem Entstehen eines Freibauern
auf d5 kann Weiß wieder auf Vorteil hoffen. Einfacher wäre es, auf d4 zu
tauschen.} (16... cxd4 $1 17. Bxd4 Nxe4 18. Bxe4 Bb7 19. Bxb7 Rxb7 20. Qg4 Bf6
(20... Bg5 $5 $11) 21. Rd2 Bxd4 22. Rxd4 Rd7 23. Rfd1 Rxd4 24. Rxd4 Qc7 $11 25.
Qd1 Qc5 $11) 17. d5 $1 exd5 18. Nxf6+ Bxf6 19. Bxf6 Qxf6 20. cxd5 Rfe8 21. Rd2
Rbd8 22. Re1 (22. d6 $2 {hätte den Bauern eingebüßt:} Bxg2 23. Kxg2 g6 24. Kg1
Rd7 $17) 22... Rxe1+ $6 {Es gab für Schwarz keinen Grund, die e-Linie
aufzugeben, genauer war 22...Qd6.} (22... Qd6 23. Rde2 Kf8 $1 {Der Abtausch
aller Türme käme Schwarz sehr gelegen.} 24. h4 a6 $11) 23. Qxe1 g6 24. h4 h5
25. Re2 $1 {Der Turm wird auf eine aktive Position e5 überführt.} Qd6 (25...
Bxd5 $4 26. Re8+ Kg7 27. Rxd8 Qxd8 28. Qd2 $18) 26. Re5 $14 {Weiß steht etwas
besser, er droht bei Gelegenheit mit f4-f5, außerdem muß der Nachziehende
dauernd mit Re5-e7(e8) rechnen.} a6 27. Qe2 b5 $2 {Stellt einen Bauern ein.
Mit passiver und geduldiger Verteidigung könnte Yannick seine Stellung
zusammenhalten.} (27... Kg7 28. f4 Bc8 29. Kh2 Qf6 $5 (29... a5 $14) 30. a5 (
30. Re7 $5 $14) 30... bxa5 31. Qd2 Qd6 32. Qxa5 Bf5) 28. axb5 Kg7 (28... axb5
29. Re8+ Rxe8 30. Qxe8+ Kg7 31. Qxb5 $16) 29. bxa6 Qxa6 30. Qe3 $6 (30. Qxa6 $6
Bxa6 31. Re3 c4 32. bxc4 Bxc4 33. Rc3 Ba2 $16 {würde Schwarz zu viele
Remischancen einräumen.}) ({Mit} 30. Qd2 $1 $16 {konnte ich die folgende
taktische Verwicklung umgehen.}) 30... Qa1+ 31. Kh2 Qd4 32. Qxd4 $1 cxd4 33.
Re4 Rxd5 34. Re7 d3 35. Rxb7 {Eine vernünftige Entscheidung bei Zeitmangel. Im
Turmendspiel mit dem b-Bauern hat Weiß gute praktische Gewinnchancen.} ({Nach} 
35. Bxd5 d2 36. Rxf7+ Kh6 37. Rxb7 d1=Q 38. Bg2 Qd6 39. f4 $16 {hat Weiß einen
klaren Vorteil, aber es wäre noch zu früh von einer Gewinnstellung zu sprechen,
z.B.} Qd1 40. b4 Qd4 41. b5 Qc5 42. b6 Qd4 43. Bc6 Qc5 $11) 35... d2 36. Bf3 (
36. Rxf7+ $6 Kg8 37. Bxd5 d1=Q 38. Bc4 Kh8 $16 {, diese Version des Endspiels
R+B+2P ist ungünstiger für Weiß als die vorherige.}) 36... d1=Q 37. Bxd1 Rxd1
38. Kg2 ({Eine andere Option war die seitliche Platzierung des weißen Turmes
gefolgt von Kg2-f3. Es sieht so aus, als ob Schwarz danach Remis halten könnte.
} 38. Re7 Rb1 39. Re3 f6 40. Kg2 g5 41. Kf3 Rb2 42. Re7+ (42. Rc3 Kg6 43. Ke3
Kf5 44. Rc5+ Kg4 45. Rc4+ Kh3 46. b4 g4 47. Rf4 Kg2 $11) 42... Kg6 43. Rb7 g4+
44. Ke3 Kf5 45. Rb5+ (45. Rb4 Kg6 46. Rb5 Kh6 47. b4 Kg6 $11) 45... Kg6 46. Rb8
Kf5 47. b4 Rb3+ 48. Kd4 Rb2 49. b5 Rxf2 50. b6 (50. Re8 Rb2 51. Kc5 Rc2+ 52.
Kb4 Rb2+ 53. Kc4 Kg6 54. Re3 f5 $11) (50. Rh8 Ke6 51. b6 Rb2 52. Kc5 Rb3 53.
Rxh5 Rxg3 $11) 50... Rb2 51. b7 (51. Kc5 Rc2+ 52. Kd6 Rb2 $11) 51... Rb5 52.
Kc4 Rb2 53. Kc5 Rb3 54. Kc6 Rc3+ 55. Kd6 Rb3 56. Ke7 Ke4 $1 57. Kxf6 Kf3 $11)
38... Rd3 $1 {Unterbindet die Aktivierung des weißen Königs.} 39. Kf1 Rd2 $1
40. Kg2 Rd3 41. Kf1 Rd2 42. Re7 Rb2 43. Re3 f6 44. Ke1 (44. f4 g5 45. fxg5 (45.
f5 Kf7 46. Ke1 Rh2 47. Re4 Rg2 $11) 45... fxg5 46. hxg5 Kg6 47. Ke1 Kxg5 48.
Kd1 Kg4 49. Kc1 Rg2 50. b4 Rxg3 51. Rxg3+ Kxg3 52. b5 h4 53. b6 h3 54. b7 h2
55. b8=Q+ Kg2 $11 {bringt Weiß nichts.}) 44... g5 45. Rf3 $1 {Die einzige
Möglichkeit, den weißen König zu befreien.} Rb1+ 46. Kd2 Rh1 $1 47. hxg5 $2 {
Nach diesem Fehler ist die Stellung definitiv remislich. Es schien, als ob 47.
b4! der Gewinnweg wäre, auf jeden Fall war dieser Zug besser. Man darf nicht
vergessen, daß wir mit 6-stündiger Kontrolle spielten und dementsprechend
beide über nicht viel Restbedenkzeit verfügten.} (47. b4 $1 gxh4 48. gxh4 Rxh4
49. Rb3 Re4 (49... Rd4+ 50. Ke3 Rd7 51. b5 Rb7 52. b6 h4 (52... Kg6 53. Kd4 $1
h4 54. Kc5 $18) 53. Kf3 f5 54. Kg2 Kh6 55. Kh3 Kg5 56. Rb4 $18) 50. b5 h4 (
50... Re8 51. b6 Kf7 52. b7 Rb8 53. Ke3 Ke6 54. Kf4 Kd5 55. Kf5 $18) 51. b6 h3
(51... Re8 $2 52. b7 Rb8 53. Ke3 $18) 52. b7 h2 53. b8=Q h1=Q 54. Rg3+ Kf7 55.
Qg8+ Ke7 56. Rg7+ Kd6 57. Qb8+ Ke6 (57... Kd5 58. Qb5+ Ke6 59. Qd7+ Ke5 60. f4+
$1) 58. Qc8+ Ke5 59. f4+ $3 Rxf4 (59... Kxf4 60. Qg4+ Ke5 61. Re7+ Kd5 62. Qd7+
$18) 60. Qc7+ $18) 47... fxg5 48. Kc2 h4 49. gxh4 (49. b4 h3 50. g4 h2 51. Rh3
Kf6 52. b5 Kg6 53. Kb2 Rd1 54. Rxh2 Rd5 $11) 49... gxh4 50. b4 h3 $6 {Leichter
ließ sich das Unentschieden mit 50...Kg6! erreichen.} (50... Kg6 51. b5 Ra1 $1
52. b6 (52. Kb3 Rb1+ 53. Kc4 Rh1 54. Kc5 h3 55. Kb6 h2 56. Rh3 Kg5 $11) 52...
Ra2+ 53. Kb1 Ra6 54. Rb3 h3 $11) 51. Kb2 h2 52. Rh3 Kf6 53. b5 Ke6 $4 {Der
entscheidende Fehler. Mit 53...Ke7! konnte Pelletier remisieren, allerdings
auch nicht problemlos.} (53... Ke7 $1 54. Rh7+ (54. b6 Kd7 $11) 54... Kd8 55.
b6 Kc8 56. Kc2 Kb8 57. Kd2 Rb1 58. Rxh2 Rxb6 59. Rh4 $1 (59. Rh3 Rf6 60. Ke2
Kc7 61. Rd3 Kc6 62. Ke3 Re6+ $11) 59... Kc7 60. Rd4 Rb3 $1 {Schneidet den
weißen König auf der 3. Reihe ab.} 61. Ke2 Kc6 62. f3 (62. f4 Kc5 $11) 62...
Ra3 63. Kf2 Ra8 64. Ke3 Re8+ $11) 54. Rh7 $1 $18 {Der schwarze König wird auf
der 7. Reihe abgeschnitten, und die Drohung b6-b7 entscheidet die Partie.} Re1
(54... Kd5 55. b6 Rf1 56. Rxh2 Kc6 57. Rh6+ Kb7 58. Rf6 $18) 55. Rxh2 Kd5 56.
Kc3 Re5 57. Kb4 Rf5 58. Ka5 Kc5 59. Rh1 Rxf2 60. Rc1+ Kd6 61. Ka6 1-0

[Event "SUI-chT"]
[Site "Switzerland"]
[Date "2006.09.30"]
[Round "8.1"]
[White "Dautov, Rustem"]
[Black "Sokolov, Andrei"]
[Result "1-0"]
[WhiteElo "2621"]
[BlackElo "2593"]
[PlyCount "77"]
[EventDate "2006.02.26"]
[EventType "team-tourn"]
[EventRounds "9"]
[EventCountry "SUI"]
[SourceTitle "EXT 2007"]
[Source "ChessBase"]
[SourceDate "2006.11.23"]
[SourceVersion "1"]
[SourceVersionDate "2006.11.23"]
[SourceQuality "1"]
[WhiteTeam "Luzern"]
[BlackTeam "Reichenstein"]
[WhiteTeamCountry "SUI"]
[BlackTeamCountry "SUI"]

1. d4 Nf6 2. c4 e6 3. Nf3 b6 4. g3 Ba6 5. b3 Bb4+ 6. Bd2 Be7 7. Bg2 c6 8. Bc3
d5 9. Ne5 O-O 10. Nd2 Bb7 11. O-O Nbd7 12. e4 Nxe5 13. dxe5 Nxe4 14. Nxe4 dxe4
15. Bxe4 Qxd1 16. Rfxd1 Rad8 17. f4 a5 18. Kf2 Ba8 19. g4 c5 20. Bxa8 Rxa8 21.
Rd7 Bh4+ 22. Ke2 h6 23. a4 f6 24. Rd6 fxe5 25. Bxe5 Bf6 26. Rf1 Rab8 27. Rf3
Rb7 28. Rxe6 Kf7 29. Rc6 Re8 30. Re3 Re6 31. Rxe6 Kxe6 32. f5+ Kf7 33. Bxf6
Kxf6 34. h4 Rd7 35. Re6+ Kf7 36. g5 hxg5 37. hxg5 Rd4 38. g6+ Kf8 39. Ke3 1-0

[Event "SUI-chT"]
[Site "Switzerland"]
[Date "2007.06.24"]
[Round "5.1"]
[White "Hickl, Joerg"]
[Black "Dautov, Rustem"]
[Result "0-1"]
[WhiteElo "2617"]
[BlackElo "2623"]
[PlyCount "106"]
[EventDate "2007.02.25"]
[EventType "team-tourn"]
[EventRounds "9"]
[EventCountry "SUI"]
[SourceTitle "EXT 2008"]
[Source "ChessBase"]
[SourceDate "2007.11.25"]
[SourceVersion "1"]
[SourceVersionDate "2007.11.25"]
[SourceQuality "1"]
[WhiteTeam "Riehen"]
[BlackTeam "Luzern"]
[WhiteTeamCountry "SUI"]
[BlackTeamCountry "SUI"]

1. g3 d5 2. Nf3 c6 3. b3 Nf6 4. Bb2 Bg4 5. Bg2 Nbd7 6. d3 e6 7. O-O Bd6 8. Nbd2
O-O 9. h3 Bh5 10. Re1 Re8 11. e4 e5 12. a3 a5 13. c3 Nc5 14. Qc2 Bc7 15. Re3
Bg6 16. Nh4 dxe4 17. dxe4 Qd7 18. Nxg6 hxg6 19. Nf3 Rad8 20. c4 a4 21. b4 Nb3
22. Rae1 c5 23. bxc5 Nxc5 24. Bc3 Nb3 25. Qb2 Qe6 26. Bf1 Bb6 27. R3e2 Bd4 28.
Rc2 Qc6 29. Bg2 Qc5 30. Kh2 Bxc3 31. Qxc3 Rc8 32. Re3 Nd4 33. Rc1 Nb3 34. Rc2
Nd4 35. Rc1 Nd7 36. Qb2 Nb6 37. Nd2 Red8 38. Bf1 Rd6 39. Rb1 Rcc6 40. Kg2 Kh7
41. h4 Rc7 42. Qc1 Nd7 43. Rb4 Qc6 44. Kh2 Nc5 45. Bg2 Ndb3 46. Nxb3 axb3 47.
Qc3 Rd4 48. Rb5 Qd6 49. Re2 Rd3 50. Qb4 Qd4 51. Qa5 Rc8 52. Bh3 Rc6 53. Qa8 Rf6
0-1

[Event "Bundesliga 1718"]
[Site "Germany"]
[Date "2017.11.12"]
[Round "4.5"]
[White "Dautov, Rustem"]
[Black "Baramidze, David"]
[Result "1-0"]
[WhiteElo "2596"]
[BlackElo "2610"]
[PlyCount "45"]
[EventDate "2017.10.21"]
[EventType "team-tourn"]
[EventRounds "15"]
[EventCountry "GER"]
[SourceTitle "CBM 182"]
[Source "ChessBase"]
[SourceDate "2018.01.17"]
[SourceVersion "1"]
[SourceVersionDate "2018.01.17"]
[SourceQuality "1"]
[WhiteTeam "Deizisau"]
[BlackTeam "Hockenheim"]
[WhiteTeamCountry "GER"]
[BlackTeamCountry "GER"]

1. Nf3 Nf6 2. c4 c5 3. Nc3 Nc6 4. g3 d5 5. d4 g6 6. Bg2 Bg7 7. dxc5 dxc4 8.
Qxd8+ Nxd8 9. Ne5 Ne4 10. Bxe4 Bxe5 11. Be3 Bd7 12. O-O-O Rc8 13. Rd2 Bc6 14.
Rhd1 O-O 15. Nd5 Bxd5 16. Rxd5 Bf6 17. Rd7 b6 18. cxb6 axb6 19. Bxb6 Ne6 20.
Bb7 c3 21. Bxc8 cxb2+ 22. Kb1 Rxc8 23. e3 1-0